000 00620nam a22001577a 4500
999 _c10425
_d10425
008 180829b ||||| |||| 00| 0 eng d
020 _a9789719654483
082 _22017
_aDK12 338.04
_bAg97
100 _930601
_aAgustin-Acierto, Marife
245 _aEntrepreneurship:
_bK to 12 Basic Education Curriculum Senior High School- Applied Track Subject/
_cMarife Agustin-Acierto
260 _aIntramuros, Manila:
_bUnlimited Books Library Services & Publishing Inc.,
_cc2017.
300 _aiii, 492 pages;
_c26 cm.
500 _aincludes bibliography and webliography.
650 0 _930604
_aEntrepreneurship.
942 _2ddc
_cBK